[Event "Wch Juvenil 2013 sub-16 femenino"]
[Site "Al-Ain UAE"]
[Date "2013.12.28"]
[Round "11.40"]
[White "Narzikulova, Gulhae"]
[Black "Fortunata, Fransisca"]
[Result "1/2-1/2"]
[WhiteElo "1769"]
[BlackElo "2117"]
[PlyCount "104"]
[EventDate "2013.12.19"]
[EventType "swiss"]
[EventRounds "11"]
[EventCountry "UAE"]
[Source "lmi"]
[SourceDate "2013.12.19"]

1. d4 d5 2. c4 e6 3. Nc3 Nf6 4. cxd5 exd5 5. Bg5 Be7 6. Qc2 O-O 7. e3 h6 8. Bh4
Be6 9. Bd3 Nbd7 10. Nge2 c5 11. Nf4 cxd4 12. exd4 Qb6 13. Rd1 g5 14. Nxe6 Qxe6+
15. Kf1 gxh4 16. Re1 Qg4 17. Rxe7 Qxd4 18. Qd2 Kg7 19. Re3 Rae8 20. Ne2 Qa4 21.
b3 Qa3 22. Nd4 Rxe3 23. Nf5+ Kh8 24. Qxe3 Ng4 25. Qd2 Nde5 26. Nxh6 Nxd3 27.
Nxg4 Qc1+ 28. Qxc1 Nxc1 29. Ne5 d4 30. Ke1 Nxa2 31. Kd2 Nb4 32. Rc1 Na6 33. Rc4
Kg7 34. Rxd4 Nc5 35. Kc3 Rc8 36. Kb2 Re8 37. Ng4 Re2+ 38. Kc3 f5 39. Ne3 Rxf2
40. Rxh4 f4 41. Rg4+ Kf7 42. Nd5 Ne6 43. h4 f3 44. gxf3 Rxf3+ 45. Kc4 b5+ 46.
Kxb5 Rxb3+ 47. Kc6 a5 48. Kd6 Rd3 49. Ra4 Nc7 50. Rxa5 Rxd5+ 51. Rxd5 Nxd5 52.
Kxd5 Kg6 1/2-1/2

[Event "Wch Juvenil 2013 sub-16 femenino"]
[Site "Al-Ain UAE"]
[Date "2013.12.28"]
[Round "11.41"]
[White "Trippold, Denise"]
[Black "Wen, Jessica"]
[Result "1-0"]
[WhiteElo "1789"]
[BlackElo "1646"]
[PlyCount "159"]
[EventDate "2013.12.19"]
[EventType "swiss"]
[EventRounds "11"]
[EventCountry "UAE"]
[Source "lmi"]
[SourceDate "2013.12.19"]

1. d4 Nf6 2. c4 e6 3. Nf3 Bb4+ 4. Bd2 Qe7 5. g3 O-O 6. Bg2 Bxd2+ 7. Qxd2 Ne4 8.
Qc2 Qb4+ 9. Nbd2 Nxd2 10. Nxd2 d6 11. O-O e5 12. dxe5 dxe5 13. Ne4 f5 14. a3
Qe7 15. Nc3 c6 16. b4 Be6 17. Na4 Nd7 18. Nb2 f4 19. c5 Rac8 20. Nc4 Bxc4 21.
Qxc4+ Kh8 22. Rad1 fxg3 23. hxg3 Nf6 24. Rd6 Rcd8 25. Rfd1 Rde8 26. a4 e4 27.
e3 Qf7 28. Qxf7 Rxf7 29. Bh3 Rfe7 30. b5 Rc7 31. Rd8 Rce7 32. bxc6 bxc6 33.
Rxe8+ Rxe8 34. Rd6 h6 35. Rxc6 Rd8 36. Rd6 Rb8 37. Bf5 Kg8 38. c6 Rb1+ 39. Kg2
Rc1 40. Bd7 Kf8 41. Rd4 Ke7 42. g4 a5 43. Kg3 Rg1+ 44. Kf4 Rc1 45. Kf5 Rc5+ 46.
Kf4 g5+ 47. Kg3 h5 48. gxh5 Nxh5+ 49. Kg2 Nf6 50. Kh3 Rc1 51. Kg2 Rc2 52. Kf1
Rc1+ 53. Ke2 Rc2+ 54. Rd2 Rc1 55. Rd4 Rc2+ 56. Kd1 Rc3 57. Kd2 Rc5 58. Ke2 Rc2+
59. Rd2 Rc1 60. Rb2 Nxd7 61. cxd7 Kxd7 62. Rb5 Ra1 63. Rxa5 g4 64. Ra6 Kc7 65.
a5 Kb7 66. Re6 Rxa5 67. Rxe4 Rg5 68. Rc4 Kb6 69. Kd3 g3 70. fxg3 Rxg3 71. Rc1
Kb5 72. Kd4 Rg4+ 73. e4 Kb6 74. Kd5 Rg2 75. e5 Rd2+ 76. Ke6 Re2 77. Kf6 Rf2+
78. Ke7 Rd2 79. e6 Re2 80. Kd7 1-0

[Event "Wch Juvenil 2013 sub-16 femenino"]
[Site "Al-Ain UAE"]
[Date "2013.12.28"]
[Round "11.42"]
[White "Kahanda, I D S."]
[Black "Munoz, Claudia"]
[Result "0-1"]
[WhiteElo "1647"]
[BlackElo "1781"]
[PlyCount "104"]
[EventDate "2013.12.19"]
[EventType "swiss"]
[EventRounds "11"]
[EventCountry "UAE"]
[Source "lmi"]
[SourceDate "2013.12.19"]

1. e4 Nf6 2. e5 Nd5 3. d4 d6 4. c4 Nb6 5. f4 dxe5 6. fxe5 Nc6 7. Nf3 Bg4 8. Be3
e6 9. a3 Bxf3 10. gxf3 Qh4+ 11. Bf2 Qf4 12. c5 Nd5 13. Bb5 O-O-O 14. Bxc6 bxc6
15. O-O Ne3 16. Qd2 Qg5+ 17. Bg3 Be7 18. Re1 Nf5 19. Qxg5 Bxg5 20. f4 Be7 21.
b4 Nxd4 22. Rf1 h5 23. Nc3 h4 24. Bf2 Nf3+ 25. Kg2 Nd2 26. Rfe1 h3+ 27. Kh1 Rd3
28. Re3 Rhd8 29. Rd1 Ne4 30. Rxe4 Rxd1+ 31. Nxd1 Rxd1+ 32. Re1 Rd2 33. Kg1 Ra2
34. Re3 Ra1+ 35. Be1 Bh4 36. Kf1 Kd7 37. Re2 Ke7 38. a4 f6 39. a5 fxe5 40. fxe5
Kf7 41. Re4 Rxe1+ 42. Rxe1 Bxe1 43. Kxe1 Kg6 44. Kf2 Kf5 45. Kg3 Kxe5 46. Kxh3
Kf4 47. Kh4 e5 48. b5 cxb5 49. a6 e4 50. c6 e3 51. Kh5 e2 52. h4 Kg3 0-1

[Event "Wch Juvenil 2013 sub-16 femenino"]
[Site "Al-Ain UAE"]
[Date "2013.12.28"]
[Round "11.44"]
[White "Ghaemmaghami, Pegah"]
[Black "Breedt, Shade"]
[Result "1/2-1/2"]
[WhiteElo "1723"]
[BlackElo "1638"]
[PlyCount "52"]
[EventDate "2013.12.19"]
[EventType "swiss"]
[EventRounds "11"]
[EventCountry "UAE"]
[Source "lmi"]
[SourceDate "2013.12.19"]

1. c4 e5 2. Nc3 Nc6 3. Nf3 f5 4. d4 e4 5. d5 exf3 6. dxc6 fxg2 7. cxd7+ Qxd7 8.
Bxg2 Qxd1+ 9. Kxd1 c6 10. Kc2 Be6 11. b3 O-O-O 12. Bb2 Nf6 13. h3 Be7 14. Rad1
Rxd1 15. Rxd1 Rd8 16. Rxd8+ Kxd8 17. Na4 Kc7 18. Bd4 b6 19. Be5+ Bd6 20. Bxd6+
Kxd6 21. Kd3 Ne4 22. f4 Nc5+ 23. Nxc5 Kxc5 24. a3 a5 25. Kc3 g6 26. e3 Kd6
1/2-1/2

[Event "Wch Juvenil 2013 sub-16 femenino"]
[Site "Al-Ain UAE"]
[Date "2013.12.28"]
[Round "11.45"]
[White "Messaoui, Amira"]
[Black "Giblon, Rebecca"]
[Result "0-1"]
[WhiteElo "1605"]
[BlackElo "1715"]
[PlyCount "76"]
[EventDate "2013.12.19"]
[EventType "swiss"]
[EventRounds "11"]
[EventCountry "UAE"]
[Source "lmi"]
[SourceDate "2013.12.19"]

1. e4 e5 2. Bc4 Nf6 3. d3 Bc5 4. c3 Nc6 5. Nf3 d6 6. h3 Be6 7. Bb3 Qd7 8. Nbd2
O-O-O 9. Bxe6 fxe6 10. Nb3 Bb6 11. Be3 d5 12. Bxb6 axb6 13. Qc2 Rhf8 14. O-O-O
Nh5 15. Rhg1 Nf4 16. Nh2 Qe7 17. f3 Rd6 18. exd5 exd5 19. Kb1 d4 20. cxd4 Nxd4
21. Nxd4 Rxd4 22. Rd2 Rfd8 23. Rgd1 Qd6 24. Ng4 h5 25. Nf2 Qd7 26. g4 Qd5 27.
Ne4 hxg4 28. hxg4 Nxd3 29. a3 Kb8 30. Qc3 Nc5 31. Rxd4 exd4 32. Qc2 d3 33. Qc3
Nxe4 34. fxe4 Qxe4 35. Qxg7 d2+ 36. Ka2 Qc4+ 37. Kb1 Qb3 38. Qe7 Qxd1+ 0-1

[Event "Wch Juvenil 2013 sub-16 femenino"]
[Site "Al-Ain UAE"]
[Date "2013.12.28"]
[Round "11.46"]
[White "Ahmadova, Fatima"]
[Black "Gunaratne, Manisha Suchini"]
[Result "1-0"]
[WhiteElo "1634"]
[BlackElo "1691"]
[PlyCount "91"]
[EventDate "2013.12.19"]
[EventType "swiss"]
[EventRounds "11"]
[EventCountry "UAE"]
[Source "lmi"]
[SourceDate "2013.12.19"]

1. e4 c5 2. c3 d6 3. d4 Nf6 4. dxc5 dxc5 5. Qxd8+ Kxd8 6. Be3 e6 7. Nd2 Nc6 8.
O-O-O Bd7 9. Bb5 Kc7 10. f3 a6 11. Bf4+ Kb6 12. Ba4 Ka7 13. Bc2 b5 14. Nh3 h6
15. Be3 Rb8 16. b4 Ka8 17. bxc5 b4 18. Nc4 Be8 19. Nb6+ Ka7 20. Ba4 bxc3 21.
Bf4 e5 22. Bxc6 Bxc6 23. Bxe5 Bxc5 24. Bxb8+ Rxb8 25. Nc4 Bb5 26. Na5 Ba4 27.
Nb3 Nd7 28. Rxd7+ Bxd7 29. Nxc5 c2 30. Kd2 Rb1 31. Rc1 Bc6 32. Kxc2 Rb5 33. Nb3
Bd7 34. Nf4 Rb7 35. Nd5 Ba4 36. Kc3 Rb8 37. Kb2 Ka8 38. Ka3 Bd7 39. Rc7 Be6 40.
Nc5 Bxd5 41. exd5 Rd8 42. Nd7 a5 43. Ka4 g5 44. Kxa5 f5 45. Ka6 f4 46. Ra7# 1-0

[Event "Wch Juvenil 2013 sub-16 femenino"]
[Site "Al-Ain UAE"]
[Date "2013.12.28"]
[Round "11.50"]
[White "Liscinska, Jana"]
[Black "Bashaer, Khalil"]
[Result "0-1"]
[WhiteElo "1643"]
[BlackElo "1630"]
[PlyCount "120"]
[EventDate "2013.12.19"]
[EventType "swiss"]
[EventRounds "11"]
[EventCountry "UAE"]
[Source "lmi"]
[SourceDate "2013.12.19"]

1. e4 c5 2. Nf3 e6 3. Nc3 Nc6 4. d4 cxd4 5. Nxd4 Nf6 6. Bg5 Be7 7. h4 Qb6 8.
Ndb5 O-O 9. Be3 Qa5 10. Bd3 a6 11. Nd4 Bb4 12. Nde2 d5 13. exd5 Nxd5 14. Bd2
Nxc3 15. Nxc3 Qe5+ 16. Qe2 Qxe2+ 17. Bxe2 Nd4 18. Bd3 b5 19. a3 Bc5 20. Ne4 Bb6
21. O-O-O Bb7 22. Rhg1 Nf5 23. h5 h6 24. g4 Nd4 25. Nc3 Nf3 26. Rg3 Bxf2 27.
Rxf3 Bxf3 28. Rf1 Bxg4 29. Rxf2 Bxh5 30. Rg2 Kh8 31. Be4 Rad8 32. Bb7 Rd6 33.
Ne4 Rb6 34. Nc5 Rxb7 35. Nxb7 Bf3 36. Rf2 Bxb7 37. Bb4 Rd8 38. Rxf7 Bc8 39. Bc3
Rg8 40. Kd2 Kh7 41. Ke3 Kg6 42. Re7 h5 43. Be5 Kh6 44. Kf4 g5+ 45. Kg3 Kg6 46.
Bd4 h4+ 47. Kg4 e5+ 48. Kf3 exd4 49. Re1 Kh5 50. Re5 Rf8+ 51. Kg2 Bb7+ 52. Kg1
Kg4 53. Re7 Ba8 54. Re6 Kg3 55. Rg6 g4 56. Re6 Rh8 57. c3 h3 58. Re2 h2+ 59.
Rxh2 Rxh2 60. Kf1 Rxb2 0-1

[Event "Wch Juvenil 2013 sub-16 femenino"]
[Site "Al-Ain UAE"]
[Date "2013.12.28"]
[Round "11.51"]
[White "Fisher, Michelle M"]
[Black "Jacobsen, Caroline Beer"]
[Result "1-0"]
[WhiteElo "1627"]
[BlackElo "1621"]
[PlyCount "61"]
[EventDate "2013.12.19"]
[EventType "swiss"]
[EventRounds "11"]
[EventCountry "UAE"]
[Source "lmi"]
[SourceDate "2013.12.19"]

1. e4 e5 2. Nf3 Nc6 3. d4 exd4 4. Bc4 Bc5 5. O-O Nf6 6. e5 d5 7. exf6 dxc4 8.
Re1+ Be6 9. Ng5 Qxf6 10. Nxe6 fxe6 11. Qh5+ Qf7 12. Qxc5 e5 13. Nd2 Rf8 14. f3
O-O-O 15. Qxc4 Qf5 16. Ne4 h6 17. Nc5 Rf6 18. Qb5 Rdf8 19. Qxb7+ Kd8 20. Qb3
Kc8 21. Qd3 Qh5 22. Ne4 Re6 23. Ng3 Qf7 24. c3 g5 25. cxd4 Nxd4 26. Be3 Rd6 27.
Bxd4 exd4 28. Ne4 Rd5 29. Qa6+ Kd7 30. Qxh6 Rb5 31. Nxg5 1-0

[Event "Wch Juvenil 2013 sub-16 femenino"]
[Site "Al-Ain UAE"]
[Date "2013.12.28"]
[Round "11.52"]
[White "Ilhom, Mootribai"]
[Black "Ait Abbas, Nesrine"]
[Result "1/2-1/2"]
[WhiteElo "1702"]
[BlackElo "1444"]
[PlyCount "33"]
[EventDate "2013.12.19"]
[EventType "swiss"]
[EventRounds "11"]
[EventCountry "UAE"]
[Source "lmi"]
[SourceDate "2013.12.19"]

1. e4 c6 2. d4 d5 3. e5 Bf5 4. Nf3 e6 5. Be2 Ne7 6. O-O Nd7 7. h3 c5 8. c3 Nc6
9. Bd3 Bg6 10. Ng5 Be7 11. Nf3 cxd4 12. Bxg6 hxg6 13. cxd4 Rc8 14. Nc3 a6 15.
Ne2 Nb4 16. Nc3 Nc6 17. Ne2 1/2-1/2

[Event "Wch Juvenil 2013 sub-16 femenino"]
[Site "Al-Ain UAE"]
[Date "2013.12.28"]
[Round "11.53"]
[White "Solis Carbajal, Minueth Si"]
[Black "Karania, Saloni"]
[Result "1-0"]
[WhiteElo "1602"]
[BlackElo "1210"]
[PlyCount "83"]
[EventDate "2013.12.19"]
[EventType "swiss"]
[EventRounds "11"]
[EventCountry "UAE"]
[Source "lmi"]
[SourceDate "2013.12.19"]

1. e4 e5 2. Nf3 Nc6 3. Bc4 Bc5 4. O-O h6 5. Nc3 d6 6. h3 Nf6 7. d3 Nd4 8. a3 a6
9. b4 Ba7 10. Nd5 b5 11. Ba2 c6 12. Ne3 O-O 13. c3 Ne6 14. Nf5 Nf4 15. N3h4
Bxf5 16. Nxf5 Qd7 17. Qf3 Ng6 18. Nxh6+ Kh7 19. Nf5 Rh8 20. Qg4 Nxg4 21. hxg4
Kg8 22. g3 Ne7 23. Kg2 Nxf5 24. gxf5 Kf8 25. Bg5 f6 26. Be6 Qe7 27. Rh1 Rxh1
28. Rxh1 g6 29. Rh8+ Kg7 30. Rxa8 fxg5 31. Rg8+ Kh7 32. fxg6+ Kh6 33. Bf7 Qf6
34. Ra8 Qxf2+ 35. Kh3 Qf1+ 36. Kg4 Qe2+ 37. Kf5 Qf3+ 38. Ke6 Qg4+ 39. Ke7 Kg7
40. Rg8+ Kh6 41. Rh8+ Kg7 42. Rh7# 1-0